Score 0/28 Timer 09:00
1 Play Today
% Correct
The Simpsons
99.2%
The Big Bang Theory
97.2%
Friends
96.1%
Star Trek: The Next Generation
95.3%
Justice League
93.3%
Fresh Prince of Bel-Air
91.1%
Scrubs
88.6%
Pokémon
87.2%
Breaking Bad
85.1%
30 Rock
84.6%
The Voice
81.3%
Powerpuff Girls
80.3%
Boy Meets World
69.2%
Glee
67.9%
% Correct
Arrested Development
65.7%
Buffy the Vampire Slayer
61.6%
Doctor Who
60.2%
The Walking Dead
59.5%
Daria
55%
Dragonball Z
54.2%
Game of Thrones
52.5%
Mad Men
51.1%
Adventure Time
49.2%
Entourage
45.4%
New Girl
44.9%
Community
39.2%
Supernatural
37.6%
The Vampire Diaries
32.2%
Remove Ads.
Support Sporcle.
Get the best of Sporcle when you Go Orange. This ad-free experience offers more features, more stats, and more fun while also helping to support Sporcle. Thank you for becoming a member.

You're not logged in!

Compare scores with friends on all Sporcle quizzes.
OR
Log In

Show Comments

Extras

Top Quizzes Today


Score Distribution

Your Account Isn't Verified!

In order to create a playlist on Sporcle, you need to verify the email address you used during registration. Go to your Sporcle Settings to finish the process.

Report this User

Report this user for behavior that violates our Community Guidelines.

Details: